00601nam a2200193Ia 4500008004100000020001400041082001800055100002300073245002600096250000800122260003900130300002800169500001900197600003400216650001500250942000700265952012000272999001500392240925s9999 xx 000 0 und d a321123816 a621.38456 SCH aSchiller , Jochen 0aMobile Communications a2nd aLondon:bPearson educationc,2003. axx,891p.bNAfPhotocopy aIncludes Index aTelecommunication Engineering aTechnology cBK 001040708ELaUITUbUITUd2005-02-14eF.B.Cg600.00l0o621.38456 SCHpQ6082r2024-09-25 07:14:04w2024-09-25yBK c8581d8581